| 000 | 00771nam a2200205 i 4500 | ||
|---|---|---|---|
| 001 | 180554 | ||
| 003 | ES-MaACL | ||
| 005 | 20250814045219.0 | ||
| 008 | 120613s1974 sp |||| | spa d | ||
| 080 | _a521.1(043.2) | ||
| 100 | 1 |
_aRius, A. _9150518 |
|
| 245 | 1 | 0 |
_aAnálisis tridimensional del campo galáctico de velocidades en el entorno del sol / _cpor Antonio Rius Jordán. |
| 260 |
_aBarcelona : _bUniversidad de Barcelona, Secretariado de Publicaciones, Intercambio Científico y Estensión Universitaria, _c1974. |
||
| 300 |
_a19 p. ; _c24 cm. |
||
| 502 | _aTesis-Universidad Barcelona (Extracto) | ||
| 650 | 0 | 7 |
_aMecánica celeste _2embne _914873 |
| 710 | 2 |
_aUniversidad de Barcelona. _97141 |
|
| 852 |
_aES-MaACL _jE-15362(125) |
||
| 999 |
_c180554 _d180554 |
||